000
00327nam a22001457a 4500
008
250709b ||||| |||| 00| 0 eng d
020
_a
9783161484100
041
_a
SHQIP
080
_2
2020
_a
001
082
_2
001
_a
001
100
_a
1
101
_a
GJUHE DHE LETERSI
245
_a
JETIMJA
_c
BASRI MAGASHI
942
_2
udc
_c
BK
999
_c
60721
_d
60721